[Event "Match"]
[Site "www.echecsemail.com"]
[Date "2015.02.14"]
[Round "1"]
[White "Pablincho"]
[Black "Ztornad"]
[WhiteElo "1730"]
[BlackElo "1740"]
[Result "0-1"]
[Round "1"]
1.e4 e5
2.Ng1f3 d6
3.Bf1c4 Bc8e6
4.Qd1e2 a6
5.d4 Be6xc4
6.Qe2xc4 h6
7.O-O b5
8.Qc4d5 c6
 { time }
0-1

[Event "Match"]
[Site "www.echecsemail.com"]
[Date "2015.02.14"]
[Round "1"]
[White "Pablincho"]
[Black "Delacey"]
[WhiteElo "1730"]
[BlackElo "1739"]
[Result "0-1"]
[Round "1"]
1.e4 c5
2.c4 Nb8c6
3.Ng1f3 d6
4.Bf1e2 e5
5.d3 Bf8e7
6.Nb1c3 Ng8f6
7.h3 O-O
8.O-O Bc8d7
9.a3 Rf8e8
10.Nc3d5 Nf6xd5
11.cxd5 Nc6d4
12.Rf1e1 Nd4xf3
13.Be2xf3 b5
14.b4 c4
15.Bf3e2 c3
16.Qd1b3 Ra8c8
 { time }
0-1

[Event "Match"]
[Site "www.echecsemail.com"]
[Date "2015.02.14"]
[Round "1"]
[White "Apoorva"]
[Black "Libiesse"]
[WhiteElo "2180"]
[BlackElo "2020"]
[Result "0-1"]
[Round "1"]
1.d4 d5
2.Ng1f3 e6
3.c4 Ng8f6
4.cxd5 exd5
5.Nb1c3 c6
6.Bc1g5 Bf8e7
7.Bg5xf6 Be7xf6
8.e3 Bc8f5
9.Bf1d3 Qd8d7
10.O-O O-O
11.Bd3xf5 Qd7xf5
12.Qd1b3 b6
13.Nc3e2 Nb8d7
14.Ne2g3 Qf5e6
15.Ra1c1 Rf8c8
16.Rf1e1 Qe6d6
17.Ng3h5 Bf6e7
18.e4 g6
19.e5 Qd6e6
20.Nh5f4 Qe6g4
21.Nf4e2 h5
22.h3 Qg4f5
 { time }
0-1

[Event "Match"]
[Site "www.echecsemail.com"]
[Date "2015.02.14"]
[Round "1"]
[White "Ztornad"]
[Black "Maestro"]
[WhiteElo "1670"]
[BlackElo "2020"]
[Result "0-1"]
[Round "1"]
1.Nb1c3 Nb8c6
2.g3 Ng8f6
3.Ng1f3 d5
4.d4 g6
5.Bf1g2 Bf8g7
6.Nf3e5 O-O
7.Ne5xc6 bxc6
8.O-O Ra8b8
9.Bc1f4 Bc8a6
10.Bg2f3 Rb8xb2
11.Nc3a4 Rb2b8
12.Na4c5 Ba6c4
13.a4 Nf6d7
14.Nc5b3 e5
15.Bf4c1 e4
16.Bf3g2 Qd8f6
17.f3 Bc4xb3
18.cxb3 exf3
19.Rf1xf3 Qf6xd4
20.Bc1e3 Qd4xa1
21.Qd1xa1 Bg7xa1
22.Be3xa7 Rb8b7
23.Ba7f2 Nd7c5
24.Bf2xc5 Rf8e8
25.Bg2f1 Re8e4
26.Rf3d3 h5
27.h4 f5
28.e3 Re4g4
29.Kg2 Ba1e5
30.e4 fxe4
31.Rd3e3 g5
32.Bf1e2 gxh4
33.Be2xg4 hxg4
34.gxh4 Kh7
35.b4 Rb7b8
36.Re3a3 d4
37.Ra3a1 Kg6
38.a5 d3
39.a6 Be5xa1
40.Kf2 Kf5
41.Bc5e3 Rb8xb4
42.h5 Ba1e5
43.Be3c5 Rb4a4
44.a7 Ra4a2
45.Kf1 g3
46.h6 Ra2a1
47.Kg2 d2
48.h7 d1Q
49.a8Q Qd1f3
50.Kh3 Ra1h1
 { time }
0-1

[Event "Match"]
[Site "www.echecsemail.com"]
[Date "2015.02.14"]
[Round "1"]
[White "Morse"]
[Black "Ingauno64"]
[WhiteElo "2200"]
[BlackElo "2510"]
[Result "0-1"]
[Round "1"]
1.Ng1f3 Nb8c6
2.d4 d6
3.d5 Nc6b8
4.c4 g6
5.Bc1d2 Bf8g7
6.Bd2c3 Ng8f6
7.Nb1d2 O-O
8.e4 Nb8d7
9.b4 a5
10.a3 c6
11.dxc6 bxc6
12.Bf1e2 Bc8b7
13.O-O axb4
14.axb4 c5
15.b5 Nf6xe4
16.Bc3xg7 Kxg7
17.Nd2xe4 Bb7xe4
18.Nf3d2 Be4b7
19.Be2f3 Qd8c7
20.Qd1b3 Nd7b6
21.Rf1e1 Ra8xa1
22.Re1xa1 Bb7xf3
23.Qb3xf3 d5
24.Ra1a6 Rf8d8
25.Qf3c3 Kg8
26.g3 dxc4
27.Qc3a5 Qc7e5
28.Nd2f3 Rd8d1
29.Kg2 Qe5e2
{ resign }
0-1

[Event "Match"]
[Site "www.echecsemail.com"]
[Date "2015.02.14"]
[Round "1"]
[White "Neoncrash"]
[Black "Orkman"]
[WhiteElo "1760"]
[BlackElo "2160"]
[Result "0-1"]
[Round "1"]
1.d4 Ng8f6
2.Ng1f3 g6
3.Nb1c3 d5
4.Bc1f4 Bf8g7
5.Qd1d2 Nf6e4
6.Nc3xe4 dxe4
7.Nf3e5 Nb8d7
8.O-O-O Nd7xe5
9.Bf4xe5 Bg7xe5
10.dxe5 Qd8xd2
11.Rd1xd2 Bc8e6
12.e3 f5
13.Bf1e2 Ra8d8
14.Rh1d1 Rd8xd2
15.Kxd2 Kf7
16.Kc3 c6
17.a4 a5
18.Rd1d2 Be6d5
19.b4 axb4
20.Kxb4 Rh8a8
21.a5 Ke8
22.g4 Bd5f7
23.c3 Ra8d8
24.Rd2d4 Rd8xd4
25.exd4 Kd7
26.Kc5 Kc7
27.c4 e6
 { time }
0-1

[Event "Match"]
[Site "www.echecsemail.com"]
[Date "2015.02.14"]
[Round "1"]
[White "Comrade"]
[Black "Joseph1983"]
[WhiteElo "2160"]
[BlackElo "2100"]
[Result "0-1"]
[Round "1"]
1.Ng1f3 Nb8c6
2.e4 e5
3.Bf1c4 Ng8f6
4.d3 Bf8e7
5.Nb1c3 d6
6.h3 Nc6d4
7.Nf3xd4 exd4
8.Nc3e2 O-O
9.Ne2xd4 d5
10.exd5 Nf6xd5
11.O-O Be7f6
12.Nd4f3 Nd5b6
13.Bc4b3 Bc8f5
14.Rf1e1 Qd8d7
15.d4 Ra8d8
16.Bc1e3 Rf8e8
17.c3 h6
18.Bb3c2 Nb6c4
19.b3 Nc4xe3
20.fxe3 Bf5xc2
21.Qd1xc2 c5
22.Ra1d1 cxd4
23.exd4 b6
24.Re1xe8 Rd8xe8
25.Rd1e1 Re8xe1
26.Nf3xe1 Qd7e6
27.Qc2f2 Bf6g5
28.Ne1c2 Qe6c8
29.c4 Qc8d7
30.d5 Qd7e7
31.Qf2e1 Qe7c5
32.Qe1f2 Qc5e7
33.Kh1 Qe7e4
34.Nc2e1 Bg5h4
35.Qf2f1 Qe4xe1
36.Qf1xe1 Bh4xe1
37.g4 Be1b4
38.Kg2 Kf8
39.Kf3 Ke7
40.Ke4 Kf6
41.h4 Bb4e1
42.g5 hxg5
43.hxg5 Kxg5
44.d6 Be1b4
45.d7 Bb4e7
{ resign }
0-1

[Event "Match"]
[Site "www.echecsemail.com"]
[Date "2015.02.14"]
[Round "1"]
[White "Silent1"]
[Black "Arnpriorite"]
[WhiteElo "1870"]
[BlackElo "2140"]
[Result "0-1"]
[Round "1"]
1.d4 e6
2.c4 d5
3.Nb1c3 Ng8f6
4.e3 Bc8d7
5.Ng1f3 Bf8b4
6.Bc1d2 O-O
7.Bf1d3 dxc4
8.Bd3xc4 Nb8c6
9.O-O a6
10.Nc3e2 b5
11.Bd2xb4 Nc6xb4
12.Bc4d3 Bd7c6
13.Ne2f4 Nf6d5
14.Nf4xd5 Bc6xd5
15.Bd3b1 Qd8f6
16.a3 Bd5xf3
17.Qd1xf3 Qf6xf3
18.gxf3 Nb4d5
19.Bb1e4 c6
20.Ra1c1 Ra8c8
21.Be4xd5 cxd5
22.Kg2 g6
23.f4 f6
24.h3 Kf7
25.Kf3 Ke7
26.Rf1d1 Kd7
27.Ke2 Rc8xc1
28.Rd1xc1 Rf8c8
29.Rc1xc8 Kxc8
30.Kd3 Kd7
31.h4 Ke7
32.b4 h6
33.e4 dxe4
34.Kxe4 Kd6
35.f3 g5
36.fxg5 fxg5
37.hxg5 hxg5
38.f4 gxf4
39.Kxf4 Kd5
40.Ke3 e5
41.dxe5 Kxe5
42.Kd3 Kd5
43.Kc3 Ke4
44.Kb3 Kd4
45.a4 Kd3
46.axb5 axb5
47.Kb2 Kc4
48.Kc2 Kxb4
49.Kb2 Kc4
50.Ka2 Kc3
51.Kb1 b4
52.Kc1 b3
53.Kb1 b2
{ resign }
0-1

[Event "Match"]
[Site "www.echecsemail.com"]
[Date "2015.02.14"]
[Round "1"]
[White "Nugun"]
[Black "Pablincho"]
[WhiteElo "1729"]
[BlackElo "1730"]
[Result "1-0"]
[Round "1"]
1.e4 e6
2.Ng1f3 h6
3.Bf1b5 a6
4.Bb5a4 c6
5.d4 b5
6.Ba4b3 d5
7.Nf3e5 Bf8d6
8.Qd1h5 Bd6xe5
9.Qh5xe5 Ng8f6
10.exd5 cxd5
11.Nb1c3 Nb8c6
12.Qe5e3 O-O
13.a4 Qd8b6
14.axb5 Nc6xd4
15.Qe3e5 Nf6g4
16.O-O Ng4xe5
17.Bb3a4  { time }
1-0

[Event "Match"]
[Site "www.echecsemail.com"]
[Date "2015.02.14"]
[Round "1"]
[White "Drdoom"]
[Black "Kesalon"]
[WhiteElo "1740"]
[BlackElo "999"]
[Result "0-1"]
[Round "1"]
1.e4 e5
2.Ng1f3 Nb8c6
3.d4 exd4
4.Nf3xd4 Bf8c5
5.Nd4xc6 Qd8f6
6.f3 dxc6
7.g3 Bc8d7
8.c3 O-O-O
9.Bf1d3 Bd7h3
10.Qd1e2 Ng8e7
11.Bc1e3 Bc5xe3
12.Qe2xe3 Kb8
13.Nb1d2 Ne7g6
14.O-O-O Ng6e5
15.Bd3e2 Qf6e6
16.a3 h5
17.f4 Ne5g4
18.Qe3f3 Ng4f6
19.f5 Qe6e5
20.Nd2c4 Qe5xe4
21.Nc4e3 Qe4xf3
22.Be2xf3 Rh8e8
23.Ne3c2 a6
24.Rh1e1 Bh3xf5
25.Nc2d4 Bf5g6
26.Nd4e2 Nf6d5
27.Bf3xd5 cxd5
28.Ne2f4 c6
29.Nf4xg6 fxg6
30.Re1xe8 Rd8xe8
31.Rd1d2 Kc7
32.Rd2f2 Re8e7
33.Rf2f3 Kd7
34.Kd2 Ke6
35.Kd3 Re7f7
36.Rf3e3 Kd6
37.b4 Rf7f2
38.h4 Rf2a2
39.g4 Ra2g2
40.Re3e8 Rg2xg4
41.Re8g8 Rg4xh4
42.Rg8xg7 Rh4g4
43.Ke3 b5
44.Kf3 Ke5
45.Rg7e7 Kf6
46.Re7c7 Rg4c4
{ resign }
0-1

[Event "Match"]
[Site "www.echecsemail.com"]
[Date "2015.02.14"]
[Round "1"]
[White "4knights"]
[Black "Reanna"]
[WhiteElo "1499"]
[BlackElo "1630"]
[Result "1-0"]
[Round "1"]
1.d4 Ng8f6
2.c4 Nb8c6
3.Ng1f3 e6
4.Nb1c3 Bf8e7
5.e4 O-O
6.Bf1d3 Nc6b4
7.O-O Rf8e8
8.a3 Nb4xd3
9.Qd1xd3 d5
10.Bc1e3 dxe4
11.Nc3xe4 Nf6xe4
12.Qd3xe4 c6
13.Rf1e1 Be7f6
14.Ra1d1 Bc8d7
15.Nf3e5 Bf6xe5
16.dxe5 b6
17.Rd1d6 Qd8c7
18.Re1d1 Re8e7
19.Qe4g4 c5
20.Be3h6 g6
21.Qg4g5 Bd7e8
22.Qg5f6 { resign }
1-0

[Event "Match"]
[Site "www.echecsemail.com"]
[Date "2015.02.14"]
[Round "1"]
[White "Vinvangogh"]
[Black "Chapi"]
[WhiteElo "1260"]
[BlackElo "1970"]
[Result "0-1"]
[Round "1"]
1.e4 c5
2.d4 cxd4
3.Qd1xd4 Nb8c6
4.Qd4d1 g6
5.Ng1f3 Bf8g7
6.Bf1c4 d6
7.Nb1a3 Bc8g4
8.Na3b5 a6
9.Bc1f4 Bg7xb2
10.O-O Bb2xa1
11.Qd1xa1 f6
12.Nf3d4 axb5
13.Bc4xb5 Qd8b6
14.c3 e5
15.Bb5e2 Bg4xe2
16.Nd4xe2 exf4
17.Ne2xf4 Ng8h6
18.c4 Qb6d4
19.Qa1e1 O-O
20.Nf4e6 Qd4xc4
21.Ne6f4 Rf8e8
22.f3 f5
23.Qe1h4 Nh6f7
24.Nf4d5 Qc4d4
25.Kh1 g5
26.Qh4e1 Ra8xa2
27.h4 fxe4
28.hxg5 Qd4xd5
29.f4 e3
30.Qe1h4 Qd5xg2
{ resign }
0-1

[Event "1/32 Finale"]
[Site "www.chess-mail.com"]
[Date "2015.02.14"]
[Round "1"]
[White "Samael"]
[Black "Asoka"]
[WhiteElo "2100"]
[BlackElo "2640"]
[Result "0-1"]
[Round "1"]
1.e4 c5
2.Ng1f3 Nb8c6
3.Nb1c3 e5
4.d3 d6
5.Bf1e2 Ng8f6
6.O-O Bf8e7
7.h3 d5
8.exd5 Nf6xd5
9.Nc3xd5 Qd8xd5
10.Bc1d2 O-O
11.Nf3h2 Nc6d4
12.Be2f3 Qd5d6
13.Bd2e3 Bc8e6
14.b3 Qd6c7
15.Be3xd4 cxd4
16.a4 Be7d6
17.Bf3g4 f5
18.Bg4e2 e4
19.g3 f4
20.dxe4 fxg3
21.fxg3 Bd6xg3
22.Rf1xf8 Ra8xf8
23.Nh2f1 Qc7f4
24.Nf1xg3 Qf4xg3
25.Kh1 Rf8f2
{ resign }
0-1

[Event "Eq:La Taverne-Equipo Juan Diaz : "]
[Site "www.chess-mail.com"]
[Date "2015.02.14"]
[Round "1"]
[White "Ilusion"]
[Black "Guidom"]
[WhiteElo "2000"]
[BlackElo "2040"]
[Result "1-0"]
[Round "1"]
1.d4 d5
2.c4 e6
3.Nb1c3 Ng8f6
4.cxd5 exd5
5.Bc1g5 Nb8d7
6.e3 c6
7.Bf1d3 Bf8e7
8.Qd1c2 O-O
9.Ng1f3 h6
10.Bg5h4 Nd7b6
11.Nf3e5 Bc8e6
12.O-O Ra8c8
13.Bh4xf6 Be7xf6
14.f4 Bf6xe5
15.fxe5 Qd8g5
16.Rf1f3 c5
17.Rf3g3 Qg5e7
18.Ra1f1 cxd4
19.exd4 Nb6d7
20.Qc2d2 Kh8
21.Nc3b5 a6
22.Nb5d6 Rc8b8
23.Nd6f5 Be6xf5
24.Rf1xf5 Qe7e6
25.Rf5h5 f5
26.exf6 Qe6xf6
27.Rg3g6 Qf6f4
28.Qd2xf4 Rf8xf4
29.Rh5xd5 Rb8c8
30.g3 Rf4f3
31.Bd3e2 Rf3f7
32.Be2g4 Rc8c1
33.Kg2 Rc1c2
34.Kh3 Kh7
35.Rg6d6 Nd7f6
36.Bg4f5 g6
37.Bf5xc2 Nf6xd5
38.Bc2xg6 { resign }
1-0

[Event "Fast Game"]
[Site "www.echecsemail.com"]
[Date "2015.02.14"]
[Round "1"]
[White "Manuel09"]
[Black "Generalfree"]
[WhiteElo "1529"]
[BlackElo "1630"]
[Result "1-0"]
[Round "1"]
1.e4 e5
2.Ng1f3 d6
3.d4 f6
4.d5 c6
5.c4 cxd5
6.cxd5 Bc8d7
7.Bf1e2 a6
8.Nb1c3 b5
9.a3 Bf8e7
10.O-O g5
11.h3 h5
12.Nf3h2  { time }
1-0

[Event "Tourn. n8027"]
[Site "www.chess-mail.com"]
[Date "2015.02.15"]
[Round "1"]
[White "Stevo100"]
[Black "Colchester"]
[WhiteElo "2030"]
[BlackElo "1820"]
[Result "0-1"]
[Round "1"]
1.d4 g6
2.Bc1f4 Bf8g7
3.e3 d6
4.Bf1e2 Ng8f6
5.h3 O-O
6.Ng1f3 Nb8d7
7.O-O c5
8.Nb1d2 a6
9.c4 d5
10.a3 dxc4
11.Be2xc4 b5
12.Bc4e2 Bc8b7
13.dxc5 Nd7xc5
 { time }
0-1

[Event "Tourn. n8092"]
[Site "www.chess-mail.com"]
[Date "2015.02.15"]
[Round "1"]
[White "F14"]
[Black "Kesalon"]
[WhiteElo "1599"]
[BlackElo "1459"]
[Result "0-1"]
[Round "1"]
1.e4 e5
2.Ng1f3 Nb8c6
3.Bf1b5 a6
4.Bb5a4 Ng8f6
5.O-O d6
6.Rf1e1 b5
7.Ba4b3 Bc8g4
8.h3 Bg4h5
9.c3 Bf8e7
10.d4 exd4
11.Qd1d3 dxc3
12.Nb1xc3 O-O
13.Nc3d5 Rf8e8
14.Nf3h4 Nc6e5
15.Nd5xe7 Qd8xe7
16.Nh4f5 Ne5xd3
17.Nf5xe7 Re8xe7
18.Re1e3 Nd3xc1
{ resign }
0-1

[Event "Tourn. n7996"]
[Site "www.chess-mail.com"]
[Date "2015.02.15"]
[Round "1"]
[White "Emmanuelasi"]
[Black "Badplayer"]
[WhiteElo "2150"]
[BlackElo "2190"]
[Result "1-0"]
[Round "1"]
1.e4 c5
2.d4 cxd4
3.c3 dxc3
4.Nb1xc3 a6
5.Bf1c4 e6
6.Ng1f3 Qd8c7
7.Qd1e2 Nb8c6
8.O-O b5
9.Bc4b3 Bc8b7
10.Rf1d1 Nc6a5
11.Bb3c2 Ra8c8
12.a3 Bf8e7
13.e5 Na5c4
14.Bc2e4 d5
15.Be4d3 h6
16.h3 Nc4xa3
17.bxa3 Qc7xc3
18.Bc1b2 Qc3a5
19.Nf3d4 Be7c5
20.Qe2g4 Bc5f8
21.Nd4xe6 fxe6
22.Qg4xe6 Ng8e7
23.Bd3g6 Kd8
24.Qe6d6 { resign }
1-0

[Event "Tourn. n8010"]
[Site "www.chess-mail.com"]
[Date "2015.02.15"]
[Round "1"]
[White "Theos666"]
[Black "Gatrooper"]
[WhiteElo "1400"]
[BlackElo "1460"]
[Result "1-0"]
[Round "1"]
1.d4 d5
2.Ng1f3 Nb8c6
3.b3 h6
4.c3 Ng8f6
5.g3 Nf6e4
6.e3 Bc8g4
7.h3 Bg4xf3
8.Qd1xf3 e6
9.Nb1d2 f6
10.Qf3g4 f5
11.Qg4h5  { time }
1-0

[Event "Tourn. n8063"]
[Site "www.chess-mail.com"]
[Date "2015.02.15"]
[Round "1"]
[White "Gorgo"]
[Black "Averoes"]
[WhiteElo "2009"]
[BlackElo "2150"]
[Result "0-1"]
[Round "1"]
1.d4 Ng8f6
2.Ng1f3 e6
3.Bc1f4 c5
4.e3 cxd4
5.exd4 Nb8c6
6.c3 d6
7.Bf1d3 Bf8e7
8.O-O h6
9.Bf4g3 O-O
10.h3 Bc8d7
11.Nb1d2 Nf6h5
12.a3 Nh5xg3
13.fxg3 f5
14.Qd1b3 b6
15.Qb3c4 Ra8c8
16.Nd2b3 Nc6a5
17.h4 Na5xc4
18.Bd3xc4 Rc8xc4
19.Nf3d2 Rc4c7
20.Ra1e1 g5
21.hxg5 hxg5
22.Nb3c1 Be7f6
23.Nc1b3 e5
24.dxe5 Bf6xe5
25.Rf1f3 Bd7c6
26.Rf3d3 Rc7f7
27.Re1xe5 Rf7e7
28.Re5xe7 Qd8xe7
29.Nd2f1 Bc6b5
30.Rd3e3 Qe7f7
31.Nb3d2 Bb5xf1
32.Kxf1 Rf8e8
{ resign }
0-1

[Event "Tourn. n8088"]
[Site "www.chess-mail.com"]
[Date "2015.02.15"]
[Round "1"]
[White "Sorren"]
[Black "Amaya"]
[WhiteElo "1840"]
[BlackElo "1870"]
[Result "0-1"]
[Round "1"]
1.e4 e6
2.d4 d5
3.Nb1c3 Bf8b4
4.e5 Ng8e7
5.Qd1g4 c5
6.a3 Bb4xc3
7.bxc3 Qd8c7
8.Qg4xg7 Rh8g8
9.Qg7xh7 cxd4
10.cxd4 Qc7c3
{ resign }
0-1

[Event "Tourn. n8042"]
[Site "www.chess-mail.com"]
[Date "2015.02.15"]
[Round "1"]
[White "A27l"]
[Black "Vitoriccardo"]
[WhiteElo "1130"]
[BlackElo "1499"]
[Result "0-1"]
[Round "1"]
1.d4 e6
2.e3 Ng8f6
3.Ng1f3 d5
4.Bf1e2 c5
5.O-O Nb8c6
6.dxc5 Bf8xc5
7.c3 O-O
8.h3 e5
9.Nf3h2 Bc8f5
10.Be2g4 { time. }
0-1

[Event "Tourn. n7991"]
[Site "www.chess-mail.com"]
[Date "2015.02.15"]
[Round "1"]
[White "Biagio"]
[Black "Liencam2"]
[WhiteElo "2030"]
[BlackElo "2260"]
[Result "0-1"]
[Round "1"]
1.e4 c5
2.d4 cxd4
3.c3 dxc3
4.Nb1xc3 Nb8c6
5.Ng1f3 e6
6.Bf1c4 a6
7.O-O Ng8e7
8.Bc1g5 h6
9.Bg5f4 Ne7g6
10.Bf4d6 Bf8xd6
11.Qd1xd6 Qd8e7
12.Ra1d1 O-O
13.Qd6xe7 Ng6xe7
14.a3 b5
15.Bc4d3 d5
16.exd5 exd5
17.Rf1e1 Bc8e6
 { time }
0-1

[Event "Tourn. n7998"]
[Site "www.chess-mail.com"]
[Date "2015.02.15"]
[Round "1"]
[White "Yakke"]
[Black "Drdoom"]
[WhiteElo "1800"]
[BlackElo "1740"]
[Result "0-1"]
[Round "1"]
1.e4 e5
2.Ng1f3 d6
3.Bf1c4 a6
4.d3 b5
5.Bc4d5 c6
6.Bd5b3 Ng8f6
7.Nf3g5 d5
8.Nb1c3 h6
9.Qd1f3 Bf8b4
10.Bc1d2 O-O
11.exd5 c5
12.d6 Ra8a7
13.a3 Bb4a5
14.Ng5e4 Bc8b7
15.Bd2e3 Bb7xe4
16.dxe4 Qd8xd6
17.Ra1d1 Qd6c6
18.Qf3g3 Ba5xc3
19.bxc3 Qc6xe4
20.O-O Ra7c7
21.Be3xh6 Nf6g4
22.Rf1e1 Qe4g6
23.Re1xe5 c4
24.Re5g5 Qg6xh6
25.Rg5xg4 Rc7c8
26.Rd1d6 Qh6c1
27.Rd6d1 Qc1xd1

0-1

[Event "Tourn. n8049"]
[Site "www.chess-mail.com"]
[Date "2015.02.15"]
[Round "1"]
[White "Foxy100"]
[Black "Valdri"]
[WhiteElo "2200"]
[BlackElo "2040"]
[Result "0-1"]
[Round "1"]
1.e4 d5
2.exd5 Qd8xd5
3.Nb1c3 Qd5d6
4.d3 Ng8f6
5.Bf1e2 c6
6.Ng1f3 Bc8f5
7.O-O e6
8.h3 Bf8e7
9.Bc1e3 Nb8d7
10.a3 O-O
11.Qd1d2 Nd7b6
12.Be3d4 Nb6d5
13.Bd4e5 Qd6d8
14.Nc3xd5 cxd5
15.Ra1c1 Ra8c8
16.c3 Nf6d7
{ resign }
0-1

[Event "Tourn. n8016"]
[Site "www.chess-mail.com"]
[Date "2015.02.15"]
[Round "1"]
[White "Stevo100"]
[Black "Terrible"]
[WhiteElo "2060"]
[BlackElo "2290"]
[Result "0-1"]
[Round "1"]
1.d4 d5
2.Bc1f4 Ng8f6
3.e3 Nb8d7
4.Bf1d3 g6
5.Ng1f3 Bf8g7
6.h3 O-O
7.Nb1d2 b6
8.O-O Bc8b7
9.c4 c5
10.Qd1b1 dxc4
11.Bd3xc4 cxd4
12.exd4 Ra8c8
13.Qb1d3 Nf6d5
 { time }
0-1

[Event "Tourn. n8073"]
[Site "www.chess-mail.com"]
[Date "2015.02.15"]
[Round "1"]
[White "Nimzo2"]
[Black "Bbking"]
[WhiteElo "1939"]
[BlackElo "1540"]
[Result "1-0"]
[Round "1"]
1.e4 e5
2.Ng1f3 Nb8c6
3.Bf1c4 Bf8c5
4.c3 Ng8f6
5.d4 exd4
6.cxd4 Bc5b4
7.Nb1c3 Bb4xc3
8.bxc3 d5
9.exd5 Nf6xd5
10.O-O O-O
11.Bc1g5 f6
12.Bg5d2 Bc8g4
13.Rf1e1 Bg4xf3
14.Qd1xf3 Nc6e7
15.Re1xe7 Qd8xe7
16.Qf3xd5 Kh8
17.Bc4d3 Qe7d6
18.Qd5xd6 cxd6
19.Ra1e1 a6
20.c4 Rf8e8
21.Kf1 Re8xe1
22.Kxe1 b5
23.c5 dxc5
24.dxc5 Ra8d8
25.Ke2 Rd8d5
26.Bd2e3 b4
27.Bd3xa6 Rd5e5
28.Kd3 f5
29.c6 Re5e6
30.c7 { resign }
1-0

[Event "Tourn. n7971"]
[Site "www.chess-mail.com"]
[Date "2015.02.15"]
[Round "1"]
[White "Jose"]
[Black "Morse"]
[WhiteElo "2730"]
[BlackElo "2210"]
[Result "1-0"]
[Round "1"]
1.e4 d6
2.d4 Ng8f6
3.Nb1c3 g6
4.f4 Bf8g7
5.Ng1f3 c5
6.Bf1b5 Bc8d7
7.e5 Nf6g4
8.Bb5xd7 Qd8xd7
9.h3 cxd4
10.Qd1xd4 Nb8c6
11.Qd4e4 f5
12.Qe4c4 Ng4h6
13.Bc1d2 dxe5
14.fxe5 Nc6xe5
15.Nf3xe5 Bg7xe5
16.Bd2xh6 Ra8c8
17.Qc4e2 Be5g3
18.Kf1 Rc8c6
19.Ra1d1 Qd7c8
20.Qe2e3 f4
21.Qe3e5 Kf7
22.Nc3d5 Rh8e8
23.Qe5g7 Ke6
24.Bh6xf4 Bg3xf4
25.Nd5xf4 Kf5
26.Rd1d5 e5
27.Nf4d3 Rc6f6
28.Ke1 Qc8xc2
29.Rh1f1 Ke4
30.Qg7xf6 { resign }
1-0

[Event "Tourn. n8043"]
[Site "www.chess-mail.com"]
[Date "2015.02.15"]
[Round "1"]
[White "Groz"]
[Black "Attatroll"]
[WhiteElo "1809"]
[BlackElo "1990"]
[Result "0-1"]
[Round "1"]
1.g3 d5
2.Bf1g2 c6
3.e3 Ng8f6
4.Ng1e2 e5
5.O-O Bf8d6
6.a3 O-O
7.d4 e4
8.c4 Bc8g4
9.Nb1d2 Nb8d7
10.f3 exf3
11.Bg2xf3 Rf8e8
12.Qd1b3 Qd8b6
13.Qb3xb6 axb6
14.cxd5 cxd5
15.Nd2b1 Bg4xf3
16.Rf1xf3 Nf6g4
17.Nb1c3 Nd7f6
18.h3 Ng4h6
19.Bc1d2 Nf6e4
20.Nc3xe4 dxe4
21.Rf3f1 Ra8c8
22.Ra1c1 g6
23.Kg2 Nh6f5
24.g4 Nf5h4
25.Kf2 f5
26.Rc1xc8 Re8xc8
27.Bd2c3 fxg4
28.hxg4 Rc8f8
29.Kg1 Nh4f3
30.Kg2 Nf3h4
{ resign }
0-1

[Event "Tourn. n8057"]
[Site "www.chess-mail.com"]
[Date "2015.02.15"]
[Round "1"]
[White "Louis"]
[Black "Drdoom"]
[WhiteElo "1830"]
[BlackElo "1740"]
[Result "1-0"]
[Round "1"]
1.d4 d5
2.c4 e6
3.Ng1f3 h6
4.Nb1c3 c6
5.e4 Ng8f6
6.e5 Nf6d7
7.a3 a6
8.Bc1e3 b6
9.Bf1d3 Qd8c7
10.O-O Bc8b7
11.Nf3d2 c5
12.cxd5 exd5
13.Ra1c1 c4
14.Qd1f3 Qc7c6
15.Nc3xd5 Qc6xd5
16.Bd3e4 Qd5b5
17.Be4xb7 Ra8a7
18.Nd2xc4 Ra7xb7
19.Nc4d6 { resign }
1-0

[Event "Tourn. n7984"]
[Site "www.chess-mail.com"]
[Date "2015.02.15"]
[Round "1"]
[White "Vinvangogh"]
[Black "Hansen"]
[WhiteElo "1260"]
[BlackElo "1470"]
[Result "1-0"]
[Round "1"]
1.e4 d5
2.Ng1f3 dxe4
3.Nf3e5 g6
4.Bf1c4 e6
5.Ne5g4 Qd8g5
6.d4 Qg5f5
7.d5 Bf8c5
8.O-O e5
9.Nb1c3 h5
10.Ng4e3 Qf5g5
11.Nc3b5 Nb8a6
12.d6 c6
13.Ne3d5 e3
14.Bc1xe3 Bc5xe3
15.Qd1f3 Be3c5
16.Nb5c7 Kd7
17.Qf3xf7 Kxd6
18.Qf7f3 Na6b4
19.Ra1d1 Bc8g4
20.Qf3f7 cxd5
21.c3 Ng8e7
22.Kh1 Ra8f8
23.Nc7b5 Kc6
24.Qf7g7 dxc4
25.f3 Bg4e6
26.cxb4 Bc5b6
27.Nb5d6 Ne7f5
28.Qg7xb7 { resign }
1-0

[Event "Match"]
[Site "www.echecsemail.com"]
[Date "2015.02.15"]
[Round "1"]
[White "Tenzinnima"]
[Black "Hundegana"]
[WhiteElo "2270"]
[BlackElo "1910"]
[Result "0-1"]
[Round "1"]
1.e4 c5
2.Ng1f3 d6
3.d4 a6
4.Bc1e3 b6
5.Nb1c3 e6
6.Bf1c4 Bc8d7
7.dxc5 bxc5
8.O-O Ng8e7
9.e5 d5
10.Be3g5 dxc4
11.Nc3e4 Qd8c7
12.Ne4d6 Kd8
13.Nd6xf7 Kc8
14.Nf7xh8 Bd7e8
15.Nf3d2 Qc7xe5
16.Qd1f3 Qe5xg5
17.Qf3xf8 Kd7
18.Nd2xc4 Ra8a7
19.Ra1d1 Ne7d5
20.Nh8f7 Be8xf7
21.Qf8xf7 Qg5e7
22.Rd1xd5 exd5
23.Qf7xd5 Kc7
24.Rf1d1 g6
25.f4 Ra7b7
26.b3 Nb8c6
27.c3 Rb7b8
28.Qd5d6 Qe7xd6
29.Rd1xd6 Rb8e8
30.Kf2 a5
31.Rd6d5 Re8d8
32.Rd5xd8 Kxd8
33.a4 Ke7
34.Kf3 Kf6
35.g4 Ke6
36.Ke4 h6
37.h4 h5
38.f5 gxf5
39.gxf5 Kf6
40.Kf4 Nc6e7
{ resign }
0-1

[Event "Match"]
[Site "www.echecsemail.com"]
[Date "2015.02.15"]
[Round "1"]
[White "Ditto"]
[Black "Tenzinnima"]
[WhiteElo "1640"]
[BlackElo "2270"]
[Result "1-0"]
[Round "1"]
1.e4 e6
2.Ng1f3 d5
3.e5 c5
4.d4 cxd4
5.Nf3xd4 Bf8c5
6.Bc1e3 Ng8e7
7.Nb1c3 Bc5xd4
8.Be3xd4 Nb8c6
9.Bf1b5 O-O
10.O-O Nc6xd4
11.Qd1xd4 Bc8d7
12.Bb5d3 f6
13.Qd4h4 f5
14.Rf1e1 a6
15.g4 Bd7e8
16.Re1e3 { resign }
1-0

[Event "Match"]
[Site "www.echecsemail.com"]
[Date "2015.02.15"]
[Round "1"]
[White "Spartacus42"]
[Black "Gaspard"]
[WhiteElo "1809"]
[BlackElo "1229"]
[Result "1-0"]
[Round "1"]
1.e4 e5
2.Ng1f3 Nb8c6
3.Bf1b5 Ng8f6
4.O-O Bf8c5
5.Qd1e2 Nc6d4
6.Nf3xd4 Bc5xd4
7.c3 Bd4b6
8.Rf1d1 c6
9.Bb5a4 O-O
10.d4 exd4
11.cxd4 d5
12.e5 Nf6e4
13.Nb1c3 Bc8f5
14.Ba4c2 Qd8h4
15.Nc3xe4 Bf5xe4
16.Bc2xe4 dxe4
17.b3 Ra8d8
18.Bc1b2 f5
19.exf6 Rf8xf6
20.g3 Rf6g6
21.Kh1 Qh4e7
22.Qe2c4 Rd8d5
23.a4 Kh8
24.a5 Bb6xa5
25.Bb2c3 Ba5b6
26.Rd1e1 Rg6e6
27.Re1e3  { time }
1-0

[Event "Match"]
[Site "www.echecsemail.com"]
[Date "2015.02.15"]
[Round "1"]
[White "Nimzo"]
[Black "Krystek23"]
[WhiteElo "2640"]
[BlackElo "2380"]
[Result "1-0"]
[Round "1"]
1.d4 Ng8f6
2.c4 c5
3.d5 d6
4.Nb1c3 g6
5.e4 Bf8g7
6.Bf1d3 O-O
7.Ng1f3 Bc8g4
8.h3 Bg4d7
9.O-O Nf6h5
10.Qd1c2 Bd7c8
11.Rf1e1 Nb8d7
12.Bd3e2 a6
13.a4 b6
14.Nf3h2 Nh5f6
15.Bc1f4 Nf6e8
16.Qc2d2 Nd7b8
17.Nh2f3 Nb8d7
18.Be2d3 Qd8c7
19.Ra1a3 Ra8b8
20.Bf4h6 Ne8f6
21.Bh6g5 Rf8e8
22.Bg5f4 Nf6h5
23.Bf4h2 Bg7f6
24.Qd2e3 Bf6xc3
25.Ra3xc3 f6
26.Bd3e2 Nh5g7
27.Qe3h6 Nd7f8
28.Nf3d2 e5
29.f4 Qc7e7
30.Rc3f3 Re8d8
31.fxe5 dxe5
32.Re1f1 Ng7e8
33.Qh6e3 Nf8d7
34.Rf3f2 h5
35.Nd2f3 Rb8a8
36.Nf3h4 Qe7h7
37.a5 bxa5
38.Be2d1 Qh7g7
39.g4 hxg4
40.Bd1xg4 Kh7
41.Nh4xg6 Qg7xg6
42.Rf2g2 Nd7f8
43.Bg4xc8 Ra8xc8
44.Rg2xg6 Nf8xg6
45.Kh1 Rd8d7
46.Rf1g1 Rd7g7
47.Qe3f3 Kh6
48.Rg1g4 Rc8b8
49.Bh2g1 Rb8xb2
50.Bg1e3 Kh7
51.Rg4g1 Ng6f4
52.Be3xf4 exf4
53.Qf3h5 { resign }
1-0

[Event "Match"]
[Site "www.echecsemail.com"]
[Date "2015.02.15"]
[Round "1"]
[White "4knights"]
[Black "Guidom"]
[WhiteElo "1749"]
[BlackElo "2060"]
[Result "0-1"]
[Round "1"]
1.d4 d5
2.c4 dxc4
3.Nb1c3 Ng8f6
4.e4 e5
5.Ng1f3 Bc8g4
6.Bf1xc4 exd4
7.Qd1xd4 Qd8xd4
8.Nf3xd4 Bf8c5
9.Bc1e3 O-O
10.O-O Nb8d7
11.Ra1d1 Bg4xd1
{ resign }
0-1

[Event "Match"]
[Site "www.echecsemail.com"]
[Date "2015.02.15"]
[Round "1"]
[White "Hrob71"]
[Black "Billyg"]
[WhiteElo "1499"]
[BlackElo "1600"]
[Result "1-0"]
[Round "1"]
1.e4 e5
2.Ng1f3 d5
3.Nf3xe5 dxe4
4.Bf1c4 Ng8h6
5.d3 exd3
6.Bc1xh6 gxh6
7.Bc4xf7 Ke7
8.Bf7b3 Qd8e8
9.Qd1xd3 Nb8c6
10.Ne5xc6 bxc6
11.O-O Qe8d7
12.Qd3e4 Kd8
13.Nb1c3 Bc8b7
14.Ra1d1 Bf8d6
15.Qe4h4 Kc8
16.Rf1e1 Qd7g7
17.Nc3e4 Bd6e7
18.Qh4h3 Kb8
19.Rd1d7 Bb7c8
20.Bb3e6 Bc8xd7
21.Be6xd7 Qg7xb2
22.Ne4c3 Be7b4
23.Re1b1 Qb2a3
24.Bd7xc6 Rh8d8
25.Nc3d5 a5
26.Qh3xa3 Rd8d6
27.Rb1xb4 axb4
28.Qa3xa8 { resign }
1-0